[Event "DVM U20w 2022"]
[Site "Münster GER"]
[Date "2022.12.27"]
[Round "1"]
[White "Mönster, Madita"]
[Black "Klahold, Rona"]
[Result "1-0"]
[Termination "normal"]
[Board "4.1"]
[WhiteElo "1916"]
[BlackElo "1553"]
[WhiteClock "00:33:49"]
[BlackClock "00:27:49"]
[WhiteTeam "SK Nordhorn-Blanke"]
[BlackTeam "Schachclub Porta Westfalica 1950"]
[PlyCount "73"]
[WhiteFideId "12947156"]
[BlackFideId "16222970"]
[EventCountry "GER"]
[EventRounds "7"]
[EventType "team-swiss"]
[EventDate "2022.12.26"]

1. e4 {[%clk 01:30:57]} {[%emt 00:00:02]} e5 {[%clk 01:30:54]} {[%emt
00:00:07]} 2. Nf3 {[%clk 01:31:19]} {[%emt 00:00:08]} Nc6 {[%clk 01:31:16]}
{[%emt 00:00:08]} 3. Bb5 {[%clk 01:31:42]} {[%emt 00:00:07]} f5 {[%clk
01:31:36]} {[%emt 00:00:10]} 4. Nc3 {[%clk 01:25:55]} {[%emt 00:06:17]} fxe4
{[%clk 01:31:49]} {[%emt 00:00:17]} 5. Nxe4 {[%clk 01:26:15]} {[%emt 00:00:10]}
d5 {[%clk 01:31:39]} {[%emt 00:00:40]} 6. Ng3 {[%clk 01:26:00]} {[%emt
00:00:45]} e4 {[%clk 01:24:53]} {[%emt 00:07:16]} 7. Nd4 {[%clk 01:22:50]}
{[%emt 00:03:40]} Qd6 {[%clk 01:17:01]} {[%emt 00:08:22]} 8. O-O {[%clk
01:15:12]} {[%emt 00:08:08]} Nf6 {[%clk 01:07:24]} {[%emt 00:10:07]} 9. d3
{[%clk 01:12:34]} {[%emt 00:03:09]} Bd7 {[%clk 00:56:46]} {[%emt 00:11:08]} 10.
dxe4 {[%clk 01:06:28]} {[%emt 00:06:36]} Nxd4 {[%clk 00:55:33]} {[%emt
00:01:43]} 11. Bxd7 {[%clk 01:06:49]} {[%emt 00:00:09]} Kxd7 {[%clk 00:55:46]}
{[%emt 00:00:17]} 12. Qxd4 {[%clk 01:07:06]} {[%emt 00:00:12]} dxe4 {[%clk
00:53:15]} {[%emt 00:03:02]} 13. Qc4 {[%clk 01:01:54]} {[%emt 00:05:41]} Qc5
{[%clk 00:44:16]} {[%emt 00:09:29]} 14. Rd1 {[%clk 00:58:29]} {[%emt 00:03:54]}
Kc6 {[%clk 00:37:53]} {[%emt 00:06:53]} 15. Qe6 {[%clk 00:55:29]} {[%emt
00:03:30]} Bd6 {[%clk 00:37:12]} {[%emt 00:01:11]} 16. Be3 {[%clk 00:55:02]}
{[%emt 00:00:57]} Qe5 {[%clk 00:35:00]} {[%emt 00:02:42]} 17. Qb3 {[%clk
00:45:47]} {[%emt 00:09:45]} Rhe8 {[%clk 00:30:08]} {[%emt 00:05:21]} 18. c4
{[%clk 00:43:21]} {[%emt 00:02:57]} b6 {[%clk 00:28:04]} {[%emt 00:02:34]} 19.
Qa4 {[%clk 00:33:49]} {[%emt 00:10:02]} Kb7 {[%clk 00:27:49]} {[%emt 00:00:46]}
20. b4 c5 {[%clk 00:27:49]} 21. b5 Rad8 {[%clk 00:27:49]} 22. Rab1 Rf8 {[%clk
00:27:49]} 23. Qb3 Ng4 {[%clk 00:27:49]} 24. h3 Nf6 {[%clk 00:27:49]} 25. Nf1
Ng8 {[%clk 00:27:49]} 26. Rd5 Qe6 {[%clk 00:27:49]} 27. Rbd1 Ne7 {[%clk
00:27:49]} 28. R5d2 Nf5 {[%clk 00:27:49]} 29. Qa4 Qg6 {[%clk 00:27:49]} 30. Rd5
h6 {[%clk 00:27:49]} 31. Kh1 Nh4 {[%clk 00:27:49]} 32. g3 Nf3 {[%clk 00:27:49]}
33. Qc2 Qe6 {[%clk 00:27:49]} 34. Kg2 Rfe8 {[%clk 00:27:49]} 35. Nd2 Qf6 {[%clk
00:27:49]} 36. Nxe4 Re6 {[%clk 00:27:49]} 37. Nxf6 1-0

[Event "DVM U20w 2022"]
[Site "Münster GER"]
[Date "2022.12.27"]
[Round "1"]
[White "Duchstein, Anna"]
[Black "Brunner, Sophia"]
[Result "1/2-1/2"]
[Termination "normal"]
[Board "4.2"]
[WhiteElo "1636"]
[BlackElo "1832"]
[WhiteClock "00:35:04"]
[BlackClock "00:24:23"]
[WhiteTeam "Schachclub Porta Westfalica 1950"]
[BlackTeam "SK Nordhorn-Blanke"]
[PlyCount "81"]
[WhiteFideId "16261372"]
[BlackFideId "12960683"]
[EventCountry "GER"]
[EventRounds "7"]
[EventType "team-swiss"]
[EventDate "2022.12.26"]

1. d4 {[%clk 01:30:58]} {[%emt 00:00:02]} Nf6 {[%clk 01:30:49]} {[%emt
00:00:12]} 2. g4 {[%clk 01:31:23]} {[%emt 00:00:05]} d5 {[%clk 01:28:27]}
{[%emt 00:02:51]} 3. g5 {[%clk 01:31:29]} {[%emt 00:00:25]} Ne4 {[%clk
01:28:24]} {[%emt 00:00:33]} 4. f3 {[%clk 01:31:39]} {[%emt 00:00:20]} Nd6
{[%clk 01:28:44]} {[%emt 00:00:10]} 5. Nc3 {[%clk 01:31:57]} {[%emt 00:00:12]}
c6 {[%clk 01:28:38]} {[%emt 00:00:35]} 6. e4 {[%clk 01:32:16]} {[%emt
00:00:12]} e6 {[%clk 01:27:18]} {[%emt 00:01:50]} 7. Bf4 {[%clk 01:29:58]}
{[%emt 00:02:48]} Qb6 {[%clk 01:24:59]} {[%emt 00:02:49]} 8. Nge2 {[%clk
01:18:01]} {[%emt 00:12:27]} Qxb2 {[%clk 01:18:06]} {[%emt 00:07:22]} 9. Rb1
{[%clk 01:17:58]} {[%emt 00:00:34]} Qa3 {[%clk 01:18:26]} {[%emt 00:00:09]} 10.
Bd2 {[%clk 01:17:36]} {[%emt 00:00:54]} Nc4 {[%clk 01:13:00]} {[%emt 00:05:56]}
11. Ng3 {[%clk 01:03:14]} {[%emt 00:14:51]} Nxd2 {[%clk 01:06:18]} {[%emt
00:07:12]} 12. Qxd2 {[%clk 01:03:10]} {[%emt 00:00:34]} Bb4 {[%clk 01:01:49]}
{[%emt 00:04:58]} 13. Nge2 {[%clk 00:59:42]} {[%emt 00:03:58]} a6 {[%clk
00:55:28]} {[%emt 00:06:51]} 14. Bg2 {[%clk 00:50:06]} {[%emt 00:10:06]} Nd7
{[%clk 00:49:54]} {[%emt 00:06:03]} 15. Rb3 {[%clk 00:47:04]} {[%emt 00:03:32]}
Qa5 {[%clk 00:50:10]} {[%emt 00:00:13]} 16. O-O {[%clk 00:42:14]} {[%emt
00:05:21]} Bxc3 {[%clk 00:44:46]} {[%emt 00:05:55]} 17. Nxc3 {[%clk 00:42:22]}
{[%emt 00:00:21]} Nb6 {[%clk 00:44:42]} {[%emt 00:00:34]} 18. Qe2 {[%clk
00:36:37]} {[%emt 00:06:16]} Na4 {[%clk 00:24:23]} {[%emt 00:20:48]} 19. Nd1
{[%clk 00:35:04]} {[%emt 00:02:04]} b5 20. Ne3 {[%clk 00:35:04]} Bb7 21. f4
{[%clk 00:35:04]} O-O-O 22. f5 {[%clk 00:35:04]} dxe4 23. fxe6 {[%clk
00:35:04]} fxe6 24. c3 {[%clk 00:35:04]} c5 25. Qc2 {[%clk 00:35:04]} c4 26.
Rb4 {[%clk 00:35:04]} Nb6 27. Bxe4 {[%clk 00:35:04]} Nd5 28. Bxd5 {[%clk
00:35:04]} Bxd5 29. Ng4 {[%clk 00:35:04]} Rdf8 30. Rbb1 {[%clk 00:35:04]} Qc7
31. Ne5 {[%clk 00:35:04]} Qe7 32. Qd2 {[%clk 00:35:04]} Rxf1 33. Rxf1 {[%clk
00:35:04]} Rf8 34. Re1 {[%clk 00:35:04]} Rf5 35. h4 {[%clk 00:35:04]} h6 36.
Qh2 {[%clk 00:35:04]} hxg5 37. h5 {[%clk 00:35:04]} g4 38. Ng6 {[%clk
00:35:04]} Qf7 39. Qd6 {[%clk 00:35:04]} Kb7 40. Ne7 {[%clk 00:35:04]} Rxh5 41.
Qd7 {[%clk 00:35:04]} 1/2-1/2

[Event "DVM U20w 2022"]
[Site "Münster GER"]
[Date "2022.12.27"]
[Round "1"]
[White "Wilmink, Anna"]
[Black "Schmidt, Inga"]
[Result "1-0"]
[Termination "normal"]
[Board "4.3"]
[WhiteElo "1725"]
[BlackElo "1163"]
[WhiteClock "00:46:55"]
[BlackClock "00:16:12"]
[WhiteTeam "SK Nordhorn-Blanke"]
[BlackTeam "Schachclub Porta Westfalica 1950"]
[PlyCount "67"]
[WhiteFideId "16273680"]
[BlackFideId "16284526"]
[EventCountry "GER"]
[EventRounds "7"]
[EventType "team-swiss"]
[EventDate "2022.12.26"]

1. e4 {[%clk 01:30:56]} {[%emt 00:00:03]} e5 {[%clk 01:30:57]} {[%emt
00:00:04]} 2. Nf3 {[%clk 01:31:22]} {[%emt 00:00:05]} Nc6 {[%clk 01:31:09]}
{[%emt 00:00:18]} 3. d4 {[%clk 01:31:45]} {[%emt 00:00:07]} exd4 {[%clk
01:31:35]} {[%emt 00:00:03]} 4. Nxd4 {[%clk 01:32:06]} {[%emt 00:00:09]} Bc5
{[%clk 01:32:00]} {[%emt 00:00:05]} 5. Nf5 {[%clk 01:32:00]} {[%emt 00:00:36]}
d5 {[%clk 01:32:06]} {[%emt 00:00:24]} 6. Nxg7 {[%clk 01:31:27]} {[%emt
00:01:04]} Kf8 {[%clk 01:32:12]} {[%emt 00:00:24]} 7. Nh5 {[%clk 01:31:14]}
{[%emt 00:00:42]} Qh4 {[%clk 01:32:15]} {[%emt 00:00:28]} 8. Ng3 {[%clk
01:31:18]} {[%emt 00:00:26]} Nf6 {[%clk 01:30:29]} {[%emt 00:02:15]} 9. Nc3
{[%clk 01:27:17]} {[%emt 00:04:32]} Rg8 {[%clk 01:22:07]} {[%emt 00:08:52]} 10.
Be2 {[%clk 01:22:12]} {[%emt 00:05:35]} dxe4 {[%clk 01:13:19]} {[%emt
00:09:18]} 11. Na4 {[%clk 01:01:12]} {[%emt 00:21:30]} Bxf2 {[%clk 01:02:17]}
{[%emt 00:11:32]} 12. Kxf2 {[%clk 00:59:33]} {[%emt 00:02:10]} e3 {[%clk
01:02:14]} {[%emt 00:00:33]} 13. Bxe3 {[%clk 00:58:30]} {[%emt 00:01:33]} Ne4
{[%clk 00:49:17]} {[%emt 00:13:25]} 14. Kg1 {[%clk 00:54:57]} {[%emt 00:04:04]}
Nxg3 {[%clk 00:46:49]} {[%emt 00:02:59]} 15. hxg3 {[%clk 00:54:27]} {[%emt
00:01:00]} Qxg3 {[%clk 00:46:17]} {[%emt 00:01:01]} 16. Bf3 {[%clk 00:53:43]}
{[%emt 00:01:15]} Bg4 {[%clk 00:34:52]} {[%emt 00:11:55]} 17. Bh6 {[%clk
00:51:10]} {[%emt 00:03:03]} Ke8 {[%clk 00:31:14]} {[%emt 00:04:08]} 18. Bxc6
{[%clk 00:50:33]} {[%emt 00:01:08]} bxc6 {[%clk 00:30:51]} {[%emt 00:00:52]}
19. Qe1 {[%clk 00:50:50]} {[%emt 00:00:12]} Qxe1 {[%clk 00:30:44]} {[%emt
00:00:38]} 20. Rxe1 {[%clk 00:51:13]} {[%emt 00:00:07]} Kd8 {[%clk 00:30:00]}
{[%emt 00:01:13]} 21. Kf2 {[%clk 00:50:31]} {[%emt 00:01:12]} Rb8 {[%clk
00:26:17]} {[%emt 00:04:14]} 22. a3 {[%clk 00:50:03]} {[%emt 00:00:58]} Bf5
{[%clk 00:22:15]} {[%emt 00:04:33]} 23. Re2 {[%clk 00:49:03]} {[%emt 00:01:29]}
Rb5 {[%clk 00:16:12]} {[%emt 00:06:32]} 24. b4 {[%emt 00:02:38]} a5 25. c3 axb4
26. cxb4 Rg6 27. Bf4 Re6 28. Nc5 Rxe2 29. Kxe2 Rb8 30. Kd2 Rc8 31. Re1 Ra8 32.
Bg5 f6 33. Bxf6 Kc8 34. Re8# {[%clk 00:46:55]} 1-0

[Event "DVM U20w 2022"]
[Site "Münster GER"]
[Date "2022.12.27"]
[Round "1"]
[White "Dieckmann, Luna"]
[Black "Hallfarth, Luise"]
[Result "0-1"]
[Termination "normal"]
[Board "4.4"]
[WhiteElo "1100"]
[BlackElo "1469"]
[WhiteClock "00:36:35"]
[BlackClock "00:25:07"]
[WhiteTeam "Schachclub Porta Westfalica 1950"]
[BlackTeam "SK Nordhorn-Blanke"]
[PlyCount "80"]
[WhiteFideId "34607455"]
[BlackFideId "16250222"]
[EventCountry "GER"]
[EventRounds "7"]
[EventType "team-swiss"]
[EventDate "2022.12.26"]

1. e4 {[%clk 01:30:57]} {[%emt 00:00:03]} c5 {[%clk 01:30:51]} {[%emt
00:00:08]} 2. Nf3 {[%clk 01:31:19]} {[%emt 00:00:09]} Nc6 {[%clk 01:31:07]}
{[%emt 00:00:14]} 3. d4 {[%clk 01:31:38]} {[%emt 00:00:11]} cxd4 {[%clk
01:31:10]} {[%emt 00:00:26]} 4. Nxd4 {[%clk 01:31:50]} {[%emt 00:00:19]} g6
{[%clk 01:31:22]} {[%emt 00:00:17]} 5. Nc3 {[%clk 01:32:02]} {[%emt 00:00:18]}
Bg7 {[%clk 01:31:40]} {[%emt 00:00:12]} 6. Be3 {[%clk 01:32:16]} {[%emt
00:00:16]} Nf6 {[%clk 01:31:31]} {[%emt 00:00:39]} 7. Bc4 {[%clk 01:32:15]}
{[%emt 00:00:31]} O-O {[%clk 01:29:42]} {[%emt 00:02:20]} 8. Bb3 {[%clk
01:32:00]} {[%emt 00:00:45]} Qa5 {[%clk 01:21:08]} {[%emt 00:09:03]} 9. O-O
{[%clk 01:30:07]} {[%emt 00:02:24]} d6 {[%clk 01:18:00]} {[%emt 00:03:38]} 10.
Re1 {[%clk 01:17:19]} {[%emt 00:13:19]} Ng4 {[%clk 01:13:44]} {[%emt 00:04:45]}
11. Nxc6 {[%clk 01:11:03]} {[%emt 00:06:46]} bxc6 {[%clk 01:11:28]} {[%emt
00:02:45]} 12. Bd2 {[%clk 01:07:28]} {[%emt 00:04:05]} Qe5 {[%clk 01:01:28]}
{[%emt 00:10:28]} 13. g3 {[%clk 01:04:25]} {[%emt 00:03:36]} Qh5 {[%clk
00:49:30]} {[%emt 00:12:27]} 14. h4 {[%clk 00:59:53]} {[%emt 00:05:03]} Qc5
{[%clk 00:42:28]} {[%emt 00:07:28]} 15. Qf3 {[%clk 00:54:45]} {[%emt 00:05:40]}
Ne5 {[%clk 00:39:18]} {[%emt 00:03:38]} 16. Qg2 {[%clk 00:52:21]} {[%emt
00:02:58]} Bg4 {[%clk 00:36:35]} {[%emt 00:03:12]} 17. Be3 {[%clk 00:47:24]}
{[%emt 00:05:28]} Qa5 {[%clk 00:32:19]} {[%emt 00:04:43]} 18. Rf1 {[%clk
00:41:57]} {[%emt 00:06:00]} Bf3 {[%clk 00:27:21]} {[%emt 00:05:28]} 19. Qh3
{[%clk 00:40:44]} {[%emt 00:01:44]} d5 {[%clk 00:25:48]} {[%emt 00:02:02]} 20.
exd5 {[%clk 00:36:35]} {[%emt 00:04:39]} cxd5 {[%clk 00:25:07]} {[%emt
00:01:12]} 21. Bd4 Bg4 {[%clk 00:25:07]} 22. Qg2 Nf3 {[%clk 00:25:07]} 23. Kh1
Nxd4 {[%clk 00:25:07]} 24. Bxd5 Rad8 {[%clk 00:25:07]} 25. Rac1 Rxd5 {[%clk
00:25:07]} 26. Nxd5 Bf3 {[%clk 00:25:07]} 27. Nxe7 Kh8 {[%clk 00:25:07]} 28.
Rfe1 Bxg2 {[%clk 00:25:07]} 29. Kxg2 Qc5 {[%clk 00:25:07]} 30. Kg1 Ne6 {[%clk
00:25:07]} 31. Nxg6 hxg6 {[%clk 00:25:07]} 32. a3 Bxb2 {[%clk 00:25:07]} 33.
Rb1 Qxc2 {[%clk 00:25:07]} 34. f4 Rd8 {[%clk 00:25:07]} 35. f5 gxf5 {[%clk
00:25:07]} 36. g4 Rd2 {[%clk 00:25:07]} 37. gxf5 Bd4 {[%clk 00:25:07]} 38. Kf1
Rf2 {[%clk 00:25:07]} 39. Kg1 Rg2 {[%clk 00:25:07]} 40. Kh1 Rh2# {[%clk
00:25:07]} 0-1

[Event "DVM U20w 2022"]
[Site "Münster GER"]
[Date "2022.12.27"]
[Round "1"]
[White "Tabakh, Najat"]
[Black "Falke, Ornella"]
[Result "0-1"]
[Termination "normal"]
[Board "5.1"]
[BlackTitle "WCM"]
[WhiteElo "1330"]
[BlackElo "2016"]
[WhiteClock "00:39:04"]
[BlackClock "00:27:10"]
[WhiteTeam "SV Bad Oldesloe"]
[BlackTeam "Elmshorner SC von 1896"]
[PlyCount "90"]
[WhiteFideId "16209109"]
[BlackFideId "16207092"]
[EventCountry "GER"]
[EventRounds "7"]
[EventType "team-swiss"]
[EventDate "2022.12.26"]

1. b4 {[%clk 01:30:51]} {[%emt 00:00:08]} e6 {[%clk 01:29:41]} {[%emt
00:01:20]} 2. Bb2 {[%clk 01:30:53]} {[%emt 00:00:26]} Nf6 {[%clk 01:29:34]}
{[%emt 00:00:38]} 3. a3 {[%clk 01:30:55]} {[%emt 00:00:28]} d5 {[%clk
01:28:52]} {[%emt 00:01:12]} 4. e3 {[%clk 01:30:18]} {[%emt 00:01:06]} Be7
{[%clk 01:24:07]} {[%emt 00:05:16]} 5. d4 {[%clk 01:28:26]} {[%emt 00:02:20]}
O-O {[%clk 01:23:31]} {[%emt 00:01:08]} 6. Nd2 {[%clk 01:28:27]} {[%emt
00:00:29]} Nbd7 {[%clk 01:16:10]} {[%emt 00:07:51]} 7. Ngf3 {[%clk 01:27:32]}
{[%emt 00:01:24]} Nb6 {[%clk 01:10:12]} {[%emt 00:06:29]} 8. c4 {[%clk
01:21:18]} {[%emt 00:06:43]} dxc4 {[%clk 01:08:57]} {[%emt 00:01:46]} 9. Nxc4
{[%clk 01:21:02]} {[%emt 00:00:45]} Bd7 {[%clk 01:08:48]} {[%emt 00:00:40]} 10.
Nxb6 {[%clk 01:20:56]} {[%emt 00:00:36]} axb6 {[%clk 01:09:03]} {[%emt
00:00:16]} 11. Bd3 {[%clk 01:19:47]} {[%emt 00:01:38]} Ba4 {[%clk 01:07:53]}
{[%emt 00:01:40]} 12. Bc2 {[%clk 01:16:48]} {[%emt 00:03:28]} b5 {[%clk
00:56:38]} {[%emt 00:11:46]} 13. O-O {[%clk 01:16:29]} {[%emt 00:00:48]} Nd5
{[%clk 00:56:01]} {[%emt 00:01:08]} 14. Ne5 {[%clk 01:05:09]} {[%emt 00:11:49]}
Bxc2 {[%clk 00:51:49]} {[%emt 00:04:43]} 15. Qxc2 {[%clk 01:05:06]} {[%emt
00:00:32]} Nb6 {[%clk 00:50:46]} {[%emt 00:01:34]} 16. Qe4 {[%clk 01:01:35]}
{[%emt 00:04:00]} c6 {[%clk 00:49:48]} {[%emt 00:01:29]} 17. f4 {[%clk
01:00:34]} {[%emt 00:01:30]} f6 {[%clk 00:42:31]} {[%emt 00:07:49]} 18. Nxc6
{[%clk 00:55:16]} {[%emt 00:05:47]} bxc6 {[%clk 00:42:40]} {[%emt 00:00:22]}
19. Qxe6 {[%clk 00:55:21]} {[%emt 00:00:25]} Kh8 {[%clk 00:41:23]} {[%emt
00:01:46]} 20. Qxc6 {[%clk 00:55:27]} {[%emt 00:00:24]} Nc4 {[%clk 00:41:44]}
{[%emt 00:00:10]} 21. Bc1 {[%clk 00:53:32]} {[%emt 00:02:25]} Qb8 {[%clk
00:33:29]} {[%emt 00:08:46]} 22. Rf3 {[%clk 00:51:19]} {[%emt 00:02:41]} f5
{[%clk 00:31:09]} {[%emt 00:02:51]} 23. Rh3 {[%clk 00:48:36]} {[%emt 00:03:13]}
Qb6 {[%clk 00:26:27]} {[%emt 00:05:13]} 24. Qxb6 {[%clk 00:39:14]} {[%emt
00:09:52]} Nxb6 {[%clk 00:26:53]} {[%emt 00:00:04]} 25. Bb2 {[%clk 00:39:04]}
{[%emt 00:00:40]} Nc4 {[%emt 00:00:14]} 26. Bc3 Nxa3 27. Rg3 Rfc8 28. Bd2 Nc2
29. Rb1 Rc4 30. h3 Kg8 31. Rf3 Ra3 32. g4 fxg4 33. hxg4 Nxd4 34. Rf2 Nc6 35. g5
Rd3 36. Rb2 Kf7 37. Rg2 Rd5 38. Rh2 Kg6 39. Kf1 Nxb4 40. Bxb4 Bxb4 41. Rbe2 Bd2
42. Rhf2 Re4 43. Kg2 Kf5 44. Kg3 Bxe3 45. Rf3 Bc5 {[%clk 00:27:10]} 0-1

[Event "DVM U20w 2022"]
[Site "Münster GER"]
[Date "2022.12.27"]
[Round "1"]
[White "Evering, Enna"]
[Black "Xie, Kelly"]
[Result "1-0"]
[Termination "normal"]
[Board "5.2"]
[WhiteElo "1511"]
[BlackElo "966"]
[WhiteClock "00:20:12"]
[BlackClock "00:39:56"]
[WhiteTeam "Elmshorner SC von 1896"]
[BlackTeam "SV Bad Oldesloe"]
[PlyCount "111"]
[WhiteFideId "16218213"]
[BlackFideId "34628444"]
[EventCountry "GER"]
[EventRounds "7"]
[EventType "team-swiss"]
[EventDate "2022.12.26"]

1. e4 {[%clk 01:30:57]} {[%emt 00:00:02]} e5 {[%clk 01:30:52]} {[%emt
00:00:09]} 2. Nf3 {[%clk 01:31:22]} {[%emt 00:00:04]} Nf6 {[%clk 01:31:14]}
{[%emt 00:00:08]} 3. Nc3 {[%clk 01:31:38]} {[%emt 00:00:14]} Bb4 {[%clk
01:31:37]} {[%emt 00:00:07]} 4. d3 {[%clk 01:27:10]} {[%emt 00:04:58]} Bxc3
{[%clk 01:29:48]} {[%emt 00:02:18]} 5. bxc3 {[%clk 01:27:33]} {[%emt 00:00:08]}
d6 {[%clk 01:29:40]} {[%emt 00:00:38]} 6. Bg5 {[%clk 01:24:46]} {[%emt
00:03:17]} O-O {[%clk 01:27:45]} {[%emt 00:02:24]} 7. h3 {[%clk 01:20:47]}
{[%emt 00:04:30]} Nbd7 {[%clk 01:24:42]} {[%emt 00:03:33]} 8. Be2 {[%clk
01:18:04]} {[%emt 00:03:12]} b6 {[%clk 01:23:30]} {[%emt 00:01:42]} 9. O-O
{[%emt 00:02:56]} Bb7 {[%clk 01:19:15]} {[%emt 00:07:09]} 10. Nd2 {[%clk
01:08:43]} h6 11. Bh4 {[%clk 01:09:17]} Re8 12. Bg4 {[%clk 01:09:17]} Nf8
{[%clk 01:02:46]} {[%emt 00:32:35]} 13. Bf5 g6 {[%emt 00:08:37]} 14. Bg4 {[%clk
00:52:34]} {[%emt 00:00:28]} Ne6 {[%clk 00:55:56]} 15. Qf3 {[%clk 00:39:53]}
{[%emt 00:20:30]} Kg7 {[%clk 00:48:56]} 16. Bxf6 {[%clk 00:34:26]} {[%emt
00:13:28]} Qxf6 {[%clk 00:48:54]} 17. Qe3 {[%clk 00:30:01]} {[%emt 00:05:26]}
Rad8 {[%clk 00:43:19]} 18. Bxe6 {[%clk 00:20:12]} Rxe6 {[%emt 00:09:25]} 19. c4
c6 {[%clk 00:39:56]} {[%emt 00:02:49]} 20. f4 d5 {[%clk 00:39:56]} 21. cxd5
cxd5 {[%clk 00:39:56]} 22. exd5 Bxd5 {[%clk 00:39:56]} 23. fxe5 Rxe5 {[%clk
00:39:56]} 24. Qxh6 Kxh6 {[%clk 00:39:56]} 25. Rxf6 Re2 {[%clk 00:39:56]} 26.
Rf2 Rxf2 {[%clk 00:39:56]} 27. Kxf2 Re8 {[%clk 00:39:56]} 28. Nb3 Kg5 {[%clk
00:39:56]} 29. g3 f5 {[%clk 00:39:56]} 30. c3 f4 {[%clk 00:39:56]} 31. gxf4
Kxf4 {[%clk 00:39:56]} 32. Rg1 g5 {[%clk 00:39:56]} 33. Rg4 Kf5 {[%clk
00:39:56]} 34. Nd4 Kf6 {[%clk 00:39:56]} 35. c4 Be6 {[%clk 00:39:56]} 36. Nxe6
Rxe6 {[%clk 00:39:56]} 37. h4 gxh4 {[%clk 00:39:56]} 38. Rxh4 Ke5 {[%clk
00:39:56]} 39. Re4 Kd6 {[%clk 00:39:56]} 40. Rxe6 Kxe6 {[%clk 00:39:56]} 41.
Ke3 Ke5 {[%clk 00:39:56]} 42. d4 Kd6 {[%clk 00:39:56]} 43. Ke4 Ke6 {[%clk
00:39:56]} 44. d5 Kd6 {[%clk 00:39:56]} 45. Kd4 a6 {[%clk 00:39:56]} 46. a4 a5
{[%clk 00:39:56]} 47. Ke4 Kd7 {[%clk 00:39:56]} 48. Ke5 Ke7 {[%clk 00:39:56]}
49. d6 Kd7 {[%clk 00:39:56]} 50. Kd5 Kd8 {[%clk 00:39:56]} 51. Kc6 Kc8 {[%clk
00:39:56]} 52. Kxb6 Kd7 {[%clk 00:39:56]} 53. c5 Ke6 {[%clk 00:39:56]} 54. c6
Kxd6 {[%clk 00:39:56]} 55. c7 Kd7 {[%clk 00:39:56]} 56. Kb7 1-0

[Event "DVM U20w 2022"]
[Site "Münster GER"]
[Date "2022.12.27"]
[Round "1"]
[White "Yilmaz, Zilan"]
[Black "Margaryan, Susanna"]
[Result "0-1"]
[Termination "normal"]
[Board "5.3"]
[WhiteElo "696"]
[BlackElo "1415"]
[WhiteClock "01:30:56"]
[BlackClock "01:30:52"]
[WhiteTeam "SV Bad Oldesloe"]
[BlackTeam "Elmshorner SC von 1896"]
[PlyCount "74"]
[WhiteFideId "34640142"]
[BlackFideId "16268210"]
[EventCountry "GER"]
[EventRounds "7"]
[EventType "team-swiss"]
[EventDate "2022.12.26"]

1. e4 {[%emt 00:00:03]} c5 2. Nc3 Nc6 3. Nf3 e6 4. Bc4 a6 5. O-O b5 6. Be2 d5
7. exd5 exd5 8. d3 Nf6 9. Bg5 Be7 10. Bxf6 Bxf6 11. Nb1 Bxb2 12. Nbd2 Bxa1 13.
Qxa1 O-O 14. c4 Re8 15. Bd1 d4 16. cxb5 axb5 17. Nb3 Qd6 18. Re1 Bg4 19. h3 Bh5
20. a3 Rxe1 21. Nxe1 Bxd1 22. Qxd1 c4 23. dxc4 bxc4 24. Nc1 d3 25. Qd2 Qxa3 26.
Ncxd3 cxd3 27. Nxd3 Rd8 28. Qc2 Qxd3 29. Qxc6 Qd1 30. Kh2 Qd6 31. Qxd6 Rxd6 32.
f3 f5 33. g4 fxg4 34. hxg4 Kf7 35. Kg3 g5 36. f4 Rd3 37. Kf2 {[%clk 01:30:56]}
gxf4 {[%clk 01:30:52]} 0-1

[Event "DVM U20w 2022"]
[Site "Münster GER"]
[Date "2022.12.27"]
[Round "1"]
[White "Grining, Maria"]
[Black "Shevchenko, Alyona"]
[Result "1-0"]
[Termination "normal"]
[Board "6.2"]
[WhiteElo "1758"]
[BlackElo "1342"]
[WhiteTeam "Karlsruher SF 1853 1"]
[BlackTeam "Karlsruher SF 1853 2"]
[PlyCount "117"]
[WhiteFideId "16235037"]
[BlackFideId "12983420"]
[EventCountry "GER"]
[EventRounds "7"]
[EventType "team-swiss"]
[EventDate "2022.12.26"]

1. d4 c6 2. Nf3 d5 3. e3 Bg4 4. Bd3 e6 5. Nbd2 Nf6 6. O-O Qc7 7. e4 dxe4 8.
Nxe4 Nxe4 9. Bxe4 Be7 10. c3 O-O 11. h3 Bh5 12. g3 Nd7 13. Bf4 Bd6 14. Bxh7
Kxh7 15. Ng5 Kg8 16. Qxh5 Nf6 17. Qf3 Bxf4 18. gxf4 Rad8 19. Rae1 Rd5 20. Re5
Nh7 21. h4 Rxe5 22. fxe5 Qd8 23. Qh5 Nxg5 24. hxg5 Re8 25. Kg2 Kf8 26. Qh8 Ke7
27. Qxg7 Rg8 28. Qf6 Ke8 29. Qxd8 Kxd8 30. f4 Rh8 31. Rh1 Rxh1 32. Kxh1 Ke7 33.
Kg2 Kf8 34. Kg3 Kg7 35. Kg4 Kg6 36. c4 a5 37. d5 cxd5 38. cxd5 exd5 39. f5 Kg7
40. Kf4 d4 41. Ke4 d3 42. Kxd3 b5 43. Kd4 b4 44. Kc5 Kf8 45. Kb5 Ke7 46. Kxa5
Kd7 47. g6 fxg6 48. fxg6 Ke6 49. Kxb4 Kxe5 50. g7 Kf4 51. g8=Q Kf5 52. Qe8 Kg5
53. Qf7 Kh6 54. Qg8 Kh5 55. Kc4 Kh6 56. Kd4 Kh5 57. Ke4 Kh6 58. Kf5 Kh5 59.
Qg5# 1-0

[Event "DVM U20w 2022"]
[Site "Münster GER"]
[Date "2022.12.27"]
[Round "1"]
[White "Kuran, Olivia"]
[Black "Bykov, Ilona"]
[Result "0-1"]
[Termination "normal"]
[Board "6.3"]
[WhiteElo "1096"]
[BlackElo "1452"]
[WhiteTeam "Karlsruher SF 1853 2"]
[BlackTeam "Karlsruher SF 1853 1"]
[PlyCount "56"]
[WhiteFideId "16279670"]
[BlackFideId "12964433"]
[EventCountry "GER"]
[EventRounds "7"]
[EventType "team-swiss"]
[EventDate "2022.12.26"]

1. e4 c6 2. d4 d5 3. Nc3 dxe4 4. Nxe4 Nf6 5. Nxf6 exf6 6. Nf3 Bd6 7. Bc4 Be6 8.
Qe2 Qe7 9. O-O O-O 10. b3 Nd7 11. Bb2 Nb6 12. Nd2 Rfe8 13. Bd3 Bc7 14. Nf3 Nd5
15. Rfe1 Nf4 16. Qd2 Qd6 17. g3 Nh3 18. Kh1 Bd5 19. Kg2 Ng5 20. Rxe8 Rxe8 21.
Be2 Bxf3 22. Bxf3 Nxf3 23. Kxf3 Qd5 24. Kg4 h5 25. Kh3 g5 26. Rf1 g4 27. Kh4
Qg2 28. Kxh5 Qh3# 0-1